000 01192cam a2200349 a 4500
001 58207
003 CO-BoRNBP
005 20250820155748.0
007 ta
008 170610s2016 ck a gr 000 j spa
020 _a9789583050695
040 _aCO-BoBN
_bspa
_cCO-BoBN
041 1 _aspa
_hita
082 0 4 _a853.91
_223
084 _aC PAT
100 1 _aPrati, Elisa,
_d1971-
_962661
245 1 0 _aHistorias del bosque :
_bmagos /
_c[texto, Elisa Prati ; ilustraciones, Tony Wolf ; traducción, Gabriela García de la Torre]
250 _a1a. ed.
300 _a83 p. :
_bil. col. ;
_c25 cm
336 _2rdacontent
_atexto
_btxt
337 _2rdamedia
_asin mediación
_bn
338 _2rdacarrier
_avolumen
_bnc
490 0 _aLos clásicos de Tony Wolf ;
_v2
534 _tLe storie del bosco - Maghi
600 1 4 _aWolf, Tony.
_tLas historias del bosque
_xAdaptaciones
_962662
650 1 4 _aCuentos infantiles italianos
_ySiglo XX
_2LEMB
_91496
650 2 4 _aLibros ilustrados para niños
_2LEMB
_92001
700 1 _aWolf, Tony,
_eilustador
_940975
700 1 _aGarcía de la Torre, Gabriela,
_etraductor
_962663
942 _2ddc
_cBK
990 _a2017-4883
_bPanamericana Editorial Ltda.
999 _c58207
_d58207